Quiz piłkarski - Statystyki

Ogólne statystyki
  • Ten quiz został rozwiązany 2 160 razy
  • Średni wynik to 9 z 15
Statystyki odpowiedzi
Zagadnienie Odpowiedź % Poprawnych
Kto najwięcej razy wygrał złota piłkę? Messi
96%
Ile razy Ronaldo wygrał złota piłkę 5
92%
Kto wygrał pierwszy raz ligę mistrzów (chodzi o całą historię tego pucharu) Real madryt
82%
Kto wygrał złota piłkę w 2018 roku Modric
79%
"PZPN" to? Polski Związek piłki nożnej
77%
Kto ugryzł piłkarzy podczas meczów? Suarez
76%
Ile razy Ronaldo wygrał ligę mistrzów 5
74%
W ilu klubach seniorskich był Ronaldo 4
68%
Za ile mln euro przeszedł neymar do psg? 222
67%
Kto wygrał ligę mistrzów w 1999r? Manchester United
52%
Ile bramek strzelił haland w swoim debiucie w Bundeslidze? 3
40%
W ilu klubach seniorskich był Messi 1
25%
Ile Messi ma złotych piłek 6
20%
Ostatnim Polakiem co wygrał ligę mistrzów był Dudek
19%
Jaki klub z Polski ostatnio wygrał polska ligę? Piast Gliwice
14%
Nie znaleziono quizów pasujących do podanych kryteriów
Rozkład punktacji
Procent ludzi z każdym wynikiem
Percentyl według liczby udzielonych odpowiedzi
Twoja historia wyników
Nie rozwiązałeś tego quizu